000 00681nam a2200289Ia 4500
005 20260324145525.0
008 008 260324s9999 xx 000 0 eng d
020 _a9781003425168
037 _aEBOOK
040 _aCRL
040 _beng
040 _cCRL
041 _2eng
041 _aeng
084 _qCRL
100 _aGary J. Coates; Amory Lovins
_91223263
245 0 _aResettling America
245 0 _bEnergy, Ecology and Community
260 _bTaylor and Francis
260 _c1981
365 _a
365 _b195
856 _uhttp://www.taylorfrancis.com/books/9781003425168
942 _cEBOOK
999 _c1831296
_d1831296